| 000 | 006150000a22002410004500 | ||
|---|---|---|---|
| 003 | LK-CoMWRAF | ||
| 005 | 20231109111717.0 | ||
| 008 | 230817t2001 ||||| |||| 00| 0 eng d | ||
| 020 | _a9993324019 | ||
| 040 |
_aLK-CoMWRAF _dLK-CoMWRAF _eLK-CoMWRAF |
||
| 041 | _aeng | ||
| 082 |
_a954.96 _bQUE |
||
| 245 | _aQuest For Peace | ||
| 250 | _a2nd ed. | ||
| 260 |
_aKathmandu: _bSAP-Nepal, _c2001 |
||
| 300 | _ap.224 | ||
| 650 | _aPEACE BUILDING-Nepal | ||
| 650 | _aInsurgency-Nepal | ||
| 650 | _aHuman rights-Nepal | ||
| 650 | _aPolitics and government-Nepal | ||
| 700 |
_aShrestha, Prakash _eed. |
||
| 942 | _cBK | ||
| 999 |
_c508 _d508 |
||